00185nam a22000857a 4500082001300000100002000013245004100033260001700074300000800091 a297.5ALI aAl-Daffa Ali.A  aStudies in Exat Sciences in Medieval aSandi c1984 a243